000 00462nam a2200193Ia 4500
005 20240823021922.0
008 240823s9999||||xx |||||||||||||| ||und||
020 _a81-259-1168-5
041 _aENGLISH
082 _A658.15 P5
100 _aMachiraju H R
245 0 _aIndian Financial Systems
250 _a2nd
260 _c2005
_b"Vikas,New "
_aNew Delhi
500 _aYES
650 _aManagement
_bManagement Studies
942 _cBK
999 _c178001
_d178001